|
|
|
|
| LEADER |
00000cam a2200000 7i4500 |
| 001 |
0000001386 |
| 005 |
20010629.0 |
| 020 |
0 |
0 |
|a 9251002126
|
| 090 |
0 |
0 |
|a 333.75095
|b DEV 1976
|
| 245 |
0 |
0 |
|a DEVELOPMENT and forest resources in Asia and the Far East :
|b Trends and perspectives, 1961-1991
|
| 260 |
0 |
0 |
|a Rome :
|b Food and Agriculture Organization of the United Nations ,
|c 1976
|
| 300 |
|
|
|a x, 89 p. :
|b graphs ;
|c 28 cm.
|
| 650 |
0 |
0 |
|a Forest products industry
|z Asia
|
| 650 |
0 |
0 |
|a Forest products industry
|z Oceania
|
| 650 |
0 |
0 |
|a Forests and forestry
|x Economic aspects
|z Asia
|
| 650 |
0 |
0 |
|a Forests and forestry
|x Economic aspects
|z Oceania
|
| 710 |
1 |
1 |
|a Food and Agriculture Organization of the United Nations (FAO)
|
| 998 |
|
|
|a JPSM
|
| 999 |
|
|
|a 0000002419
|b Monograph
|c Open Shelf
|e Default branch
|
| 999 |
|
|
|a 0000002449
|b Monograph
|c Open Shelf
|e Default branch
|